Geography general knowledge - Statistics

General Stats
  • This quiz has been taken 69 times
  • The average score is 9 of 10
Answer Stats
Hint Answer % Correct
Capital of Germany Berlin
98%
The Great wall of .......? China
98%
What continent is Vietnam in? Asia
97%
The flag of Mali has 3 colours - Green, Gold and......? Red
97%
Which country has the largest population in South America? Brazil
95%
Which ocean lies between Europe and North America Atlantic
93%
Which of these countries is landlocked? Ireland, Somalia, Austria or Malaysia Austria
93%
Jakarta is the capital of which country? Indonesia
90%
Which hemisphere is the city Buenos Aries in? Southern
90%
Bishkek is the capital of this country Kyrgyzstan
70%
No matching quizzes found
Score Distribution
Percent of People with Each Score
Percentile by Number Answered
Your Score History
You have not taken this quiz